<?xml version="1.0" encoding="UTF-8"?>
<record
    xmlns:xsi="http://www.w3.org/2001/XMLSchema-instance"
    xsi:schemaLocation="http://www.loc.gov/MARC21/slim http://www.loc.gov/standards/marcxml/schema/MARC21slim.xsd"
    xmlns="http://www.loc.gov/MARC21/slim">

  <leader>00814nam a22002657a 4500</leader>
  <controlfield tag="005">20230512223913.0</controlfield>
  <controlfield tag="008">220711t        xxu||||| |||| 00| 0 eng d</controlfield>
  <datafield tag="020" ind1=" " ind2=" ">
    <subfield code="a">9781119668305</subfield>
  </datafield>
  <datafield tag="040" ind1=" " ind2=" ">
    <subfield code="c">CSPC</subfield>
  </datafield>
  <datafield tag="050" ind1="0" ind2=" ">
    <subfield code="a">658. 1511</subfield>
    <subfield code="b">J56m</subfield>
  </datafield>
  <datafield tag="100" ind1=" " ind2=" ">
    <subfield code="a">Jiambalvo, James</subfield>
    <subfield code="e">author.</subfield>
  </datafield>
  <datafield tag="245" ind1="0" ind2="0">
    <subfield code="a">Managerial accounting/</subfield>
    <subfield code="c">James Jiambalvo</subfield>
  </datafield>
  <datafield tag="250" ind1=" " ind2=" ">
    <subfield code="a">Seventh Edition</subfield>
  </datafield>
  <datafield tag="260" ind1=" " ind2=" ">
    <subfield code="a">Singapore :</subfield>
    <subfield code="b">Markono Print Media Pte Ltd ;</subfield>
    <subfield code="c">2020.</subfield>
  </datafield>
  <datafield tag="300" ind1=" " ind2=" ">
    <subfield code="a">xii, 44 pages :</subfield>
    <subfield code="b">figures, tables :</subfield>
    <subfield code="c">27 cm.</subfield>
  </datafield>
  <datafield tag="336" ind1=" " ind2=" ">
    <subfield code="2">rdacontent</subfield>
    <subfield code="a">text</subfield>
  </datafield>
  <datafield tag="337" ind1=" " ind2=" ">
    <subfield code="2">rdamedia</subfield>
    <subfield code="a">unmediated</subfield>
  </datafield>
  <datafield tag="338" ind1=" " ind2=" ">
    <subfield code="2">rdacarrier</subfield>
    <subfield code="a">volume</subfield>
  </datafield>
  <datafield tag="500" ind1=" " ind2=" ">
    <subfield code="a">Includes index.</subfield>
  </datafield>
  <datafield tag="650" ind1="1" ind2="0">
    <subfield code="a">Managerial accounting.</subfield>
  </datafield>
  <datafield tag="940" ind1=" " ind2=" ">
    <subfield code="a">Malou</subfield>
  </datafield>
  <datafield tag="942" ind1=" " ind2=" ">
    <subfield code="c">BOOK</subfield>
    <subfield code="j">CIR 658.1511 J56m 2020</subfield>
  </datafield>
  <datafield tag="952" ind1=" " ind2=" ">
    <subfield code="0">0</subfield>
    <subfield code="1">0</subfield>
    <subfield code="4">0</subfield>
    <subfield code="7">0</subfield>
    <subfield code="a">CSPC</subfield>
    <subfield code="b">CSPC</subfield>
    <subfield code="c">CIR</subfield>
    <subfield code="d">2023-05-12</subfield>
    <subfield code="l">3</subfield>
    <subfield code="o">CIR 658.1511 J56m 2020</subfield>
    <subfield code="p">024267</subfield>
    <subfield code="r">2025-11-19 13:54:12</subfield>
    <subfield code="s">2025-09-29</subfield>
    <subfield code="t">1-2</subfield>
    <subfield code="w">2023-05-12</subfield>
    <subfield code="y">BK</subfield>
  </datafield>
  <datafield tag="952" ind1=" " ind2=" ">
    <subfield code="0">0</subfield>
    <subfield code="1">0</subfield>
    <subfield code="4">0</subfield>
    <subfield code="7">0</subfield>
    <subfield code="a">CSPC</subfield>
    <subfield code="b">CSPC</subfield>
    <subfield code="c">CIR</subfield>
    <subfield code="d">2023-05-12</subfield>
    <subfield code="l">1</subfield>
    <subfield code="o">CIR 658.1511 J56m 2020</subfield>
    <subfield code="p">024268</subfield>
    <subfield code="r">2025-09-15 08:24:17</subfield>
    <subfield code="s">2025-08-12</subfield>
    <subfield code="t">2-2</subfield>
    <subfield code="w">2023-05-12</subfield>
    <subfield code="y">BK</subfield>
  </datafield>
  <datafield tag="999" ind1=" " ind2=" ">
    <subfield code="c">12180</subfield>
    <subfield code="d">12180</subfield>
  </datafield>
</record>
